Normal view MARC view
  • University of Reading

Entry Corporate Name

Number of records used in: 1

001 - CONTROL NUMBER

  • control field: 4733

003 - CONTROL NUMBER IDENTIFIER

  • control field: OSt

005 - DATE AND TIME OF LATEST TRANSACTION

  • control field: 20190806150236.0

008 - FIXED-LENGTH DATA ELEMENTS

  • fixed length control field: 050616n| aaannaabn |n ana d

040 ## - CATALOGING SOURCE

  • Original cataloging agency: OSt
  • Transcribing agency: OSt

110 ## - HEADING--CORPORATE NAME

  • Corporate name or jurisdiction name as entry element: University of Reading
  • Subordinate unit: Department of Construction Management

410 ## - SEE FROM TRACING--CORPORATE NAME

  • Corporate name or jurisdiction name as entry element: Department of Construction Management

670 ## - SOURCE DATA FOUND

  • Source citation: A fresh look at the UK and USbuilding industries, 1986